| 000 | 00563nam a2200193Ia 4500 | ||
|---|---|---|---|
| 005 | 20250508151724.0 | ||
| 008 | 008 250505s9999 xx 000 0 eng d | ||
| 037 | _aTextual | ||
| 040 |
_aFEDL _beng _cFEDL |
||
| 041 |
_aeng _2eng |
||
| 084 |
_a347.9, TIL _qFEDL |
||
| 100 |
_aTillett N. R. _9759831 |
||
| 245 | 0 | _aLaw and the people : An outline of the legal system England and Wales | |
| 260 |
_aLondon, UK _bGeorge G. Harrap and Co. Ltd _c1950 |
||
| 300 | _a197p | ||
| 650 | _aLaw | ||
| 942 |
_cTEXL _h347.9, TIL |
||
| 999 |
_c1331693 _d1331693 |
||